000 00571nam a2200193 a 4500
001 1863
003 CO-ViMGA
008 141112s2004 ck r 000 u spa d
040 _aCO-ViMGA
_bspa
_cCO-ViMGA
082 0 4 _a928.6 S458s
100 1 _aSantos Molano, Enrique
_950423
245 1 0 _aJose Asución Silva :
_bel corazón del poeta
250 _a2a
260 _aSantafé de Bogotá :
_bPlaneta,
_c1996
300 _a1000 p
590 _aPrecio :
_15.000 - - Fecha de adquisición : Donación
650 1 4 _aSILVA, JOSE ASUNCION 1865 - 1896
_950424
942 _2ddc
_cBK
999 _c14017
_d14017